[Event "Chicago Open"]
[Site "Wheeling"]
[Date "2013.05.26"]
[Round "6.8"]
[White "Mitkov, Nikola"]
[Black "Kekelidze, Mikheil"]
[Result "1-0"]
[WhiteElo "2484"]
[BlackElo "2509"]
[PlyCount "61"]
[EventDate "2013.05.??"]
[EventType "swiss"]
[EventRounds "9"]
[EventCountry "USA"]
[Source "MonRoi"]

1. e4 c6 2. Nc3 d5 3. Nf3 Nf6 4. e5 Ne4 5. Be2 Bf5 6. Nh4 Nxc3 7. bxc3 Bd7 8.
Rb1 e6 9. Nf3 Qa5 10. Rxb7 Qxa2 11. O-O c5 12. c4 Bc6 13. Rb2 Qa4 14. cxd5 exd5
15. e6 f6 16. d4 c4 17. Bf4 Na6 18. Qb1 Be7 19. Ra2 Qb5 20. Qxb5 Bxb5 21. Ra5
g5 22. Bg3 h5 23. h4 g4 24. Ne1 Nb4 25. Rxb5 a5 26. Bf4 O-O 27. g3 Na2 28. Bd2
Bb4 29. Bxb4 axb4 30. Rxd5 b3 31. Bxc4 1-0

[Event "Chicago Open"]
[Site "Wheeling"]
[Date "2013.05.26"]
[Round "6.11"]
[White "Shabalov, Alexander"]
[Black "Mulyar, Michael"]
[Result "1/2-1/2"]
[WhiteElo "2544"]
[BlackElo "2383"]
[PlyCount "94"]
[EventDate "2013.05.??"]
[EventType "swiss"]
[EventRounds "9"]
[EventCountry "USA"]
[Source "MonRoi"]

1. d4 d5 2. c4 c6 3. Nc3 Nf6 4. Nf3 e6 5. g3 dxc4 6. Bg2 b5 7. O-O Bb7 8. e4
Be7 9. a4 a6 10. e5 Nd5 11. Ne4 O-O 12. Bg5 Nd7 13. Bxe7 Qxe7 14. Nd6 Rfb8 15.
Nd2 c5 16. Nxb7 Rxb7 17. axb5 Rxb5 18. Nxc4 cxd4 19. Qxd4 Qc5 20. Qd3 Rc8 21.
Nd6 Nxe5 22. Qa3 Nb4 23. Nxc8 Qxc8 24. Rac1 Qb8 25. Rfd1 h6 26. Rd2 Kh7 27. Qe3
Nd5 28. Be4+ g6 29. Qe2 Nf6 30. Bg2 Kg7 31. h3 g5 32. Rcc2 Qb6 33. Qd1 Rb3 34.
Rd6 Qb4 35. Qd2 Qb5 36. Rd8 Nc4 37. Qd4 Nxb2 38. Rc7 Qb6 39. Qxb6 Rxb6 40. Bf1
a5 41. Ra8 Nd5 42. Rd7 Nf6 43. Rdd8 a4 44. Rdb8 Nd5 45. Bg2 Rxb8 46. Rxb8 a3
47. Bxd5 exd5 1/2-1/2

[Event "Chicago Open"]
[Site "Wheeling"]
[Date "2013.05.26"]
[Round "6.13"]
[White "Denton, Bradley"]
[Black "Finegold, Benjamin"]
[Result "1/2-1/2"]
[WhiteElo "2270"]
[BlackElo "2505"]
[PlyCount "78"]
[EventDate "2013.05.??"]
[EventType "swiss"]
[EventRounds "9"]
[EventCountry "USA"]
[Source "MonRoi"]

1. d4 Nf6 2. c4 c5 3. d5 e5 4. Nc3 d6 5. e4 Be7 6. g3 Nbd7 7. Bg2 Nf8 8. Nge2
Ng6 9. a3 h5 10. b4 cxb4 11. axb4 h4 12. Be3 Ng4 13. Bxa7 Bd7 14. c5 Qc8 15.
cxd6 Bxd6 16. O-O hxg3 17. hxg3 Ke7 18. Re1 Rh2 19. Qd3 Qh8 20. Qf3 Qh5 21. Bc5
Rh8 22. Red1 Rxg2+ 23. Qxg2 Nh2 24. f4 exf4 25. Nxf4 Qe5 26. Bd4 Nxf4 27. Bxe5
Nxg2 28. Bxd6+ Kxd6 29. Kxg2 Ng4 30. Kf3 Rh6 31. Rdc1 Ke5 32. Ra7 Rh2 33. Ra2
Rh6 34. Ra7 Rh2 35. Ra2 Rh6 36. Nd1 Rf6+ 37. Kg2 Bb5 38. Nc3 Bd3 39. Rd2 Kd4
1/2-1/2

[Event "Chicago Open"]
[Site "Wheeling"]
[Date "2013.05.26"]
[Round "6.14"]
[White "Ishkhanov, Tigran"]
[Black "Diamant, Andre"]
[Result "1-0"]
[WhiteElo "2306"]
[BlackElo "2479"]
[PlyCount "77"]
[EventDate "2013.05.??"]
[EventType "swiss"]
[EventRounds "9"]
[EventCountry "USA"]
[Source "MonRoi"]

1. d4 Nf6 2. c4 g6 3. g3 Bg7 4. Bg2 O-O 5. Nc3 c5 6. d5 d6 7. Nf3 e6 8. O-O
exd5 9. cxd5 Na6 10. Nd2 Nc7 11. a4 b6 12. Nc4 Ba6 13. Na3 Re8 14. Re1 Nd7 15.
e4 Ne5 16. Bf1 Bxf1 17. Rxf1 Qd7 18. Kg2 a6 19. f4 Ng4 20. Nc4 Rab8 21. e5 dxe5
22. d6 Ne6 23. Qxg4 Nxf4+ 24. Rxf4 f5 25. Qd1 exf4 26. Qd5+ Qe6 27. d7 Qxd5+
28. Nxd5 Red8 29. Ne7+ Kf7 30. Nc6 Rxd7 31. Nxb8 Rd4 32. Nxb6 fxg3 33. hxg3 Rb4
34. a5 Bxb2 35. Rb1 Bxc1 36. Rxc1 Rb5 37. Ra1 c4 38. Nxa6 c3 39. Nc4 1-0

[Event "Chicago Open"]
[Site "Wheeling"]
[Date "2013.05.26"]
[Round "6.15"]
[White "Gerzhoy, Leonid"]
[Black "Shivaji, Shivkumar"]
[Result "1-0"]
[WhiteElo "2469"]
[BlackElo "2272"]
[PlyCount "75"]
[EventDate "2013.05.??"]
[EventType "swiss"]
[EventRounds "9"]
[EventCountry "USA"]
[Source "MonRoi"]

1. e4 e6 2. d4 d5 3. e5 c5 4. c3 Nc6 5. Nf3 Bd7 6. Be2 Nge7 7. Na3 Ng6 8. Nc2
Be7 9. g3 O-O 10. h4 cxd4 11. cxd4 f6 12. h5 Nh8 13. exf6 Bxf6 14. Ne3 Qb6 15.
Ng4 Bxd4 16. h6 g6 17. O-O Bc5 18. Bg5 Be7 19. Qd2 Qd8 20. Qc3 d4 21. Nxd4 Bxg5
22. Nxc6 Bf6 23. Nxd8 Bxc3 24. Nxb7 Bxb2 25. Rab1 Ba3 26. Na5 Rf5 27. Rb7 Bc8
28. Rg7+ Kf8 29. Rxh7 Nf7 30. Nc4 Bc5 31. Rd1 Be7 32. Rg7 Ba6 33. Rxg6 Rc8 34.
h7 Rg5 35. Rxg5 Bxg5 36. Rd7 Be7 37. Nge5 Nh8 38. Rxa7 1-0

[Event "Chicago Open"]
[Site "Wheeling"]
[Date "2013.05.26"]
[Round "6.16"]
[White "Bryant, John"]
[Black "Chandra, Akshat"]
[Result "1-0"]
[WhiteElo "2442"]
[BlackElo "2270"]
[PlyCount "121"]
[EventDate "2013.05.??"]
[EventType "swiss"]
[EventRounds "9"]
[EventCountry "USA"]
[Source "MonRoi"]

1. Nf3 Nf6 2. g3 g6 3. Bg2 Bg7 4. O-O O-O 5. c4 c6 6. b3 d5 7. Bb2 dxc4 8. bxc4
c5 9. Nc3 Nc6 10. d3 Rb8 11. Rb1 b6 12. Nd2 Bb7 13. Nde4 Nxe4 14. Nxe4 Qd7 15.
Qd2 Rfd8 16. Bxg7 Kxg7 17. Rfd1 f6 18. Rb2 Ne5 19. Qc3 Nf7 20. Rdb1 Nd6 21.
Nxd6 Bxg2 22. Kxg2 Qxd6 23. Kg1 Qc6 24. Qc2 Rb7 25. h4 Rdb8 26. a4 e5 27. Ra2
Re8 28. f3 Qd6 29. Kg2 f5 30. a5 e4 31. dxe4 fxe4 32. f4 Qc6 33. axb6 axb6 34.
Rd1 e3+ 35. Kh2 Qe4 36. Qc3+ Kg8 37. Ra3 Rf7 38. Qd3 Qe6 39. Qd5 Qxd5 40. Rxd5
Re4 41. Rd6 Rxc4 42. Rxb6 Re7 43. Rb1 h6 44. Kg2 g5 45. hxg5 hxg5 46. Kf3 Rf7
47. Ra8+ Kg7 48. Rg1 Kh7 49. Rh1+ Kg7 50. Rah8 Rf5 51. R8h7+ Kg8 52. R7h5 Kf7
53. Kg4 Rd5 54. Rxg5 Rd2 55. Rh7+ Kf8 56. Rf5+ Kg8 57. Rfh5 Rcd4 58. Kg5 Rxe2
59. f5 Kf8 60. Kf6 Rd6+ 61. Ke5 1-0

[Event "Chicago Open"]
[Site "Wheeling"]
[Date "2013.05.26"]
[Round "6.18"]
[White "Troff, Kayden"]
[Black "Coraretti, Benjamin"]
[Result "1/2-1/2"]
[WhiteElo "2421"]
[BlackElo "2151"]
[PlyCount "234"]
[EventDate "2013.05.??"]
[EventType "swiss"]
[EventRounds "9"]
[EventCountry "USA"]
[Source "MonRoi"]

1. d4 d5 2. c4 c6 3. Nf3 Nf6 4. e3 Bf5 5. Nc3 e6 6. Nh4 Bg6 7. Nxg6 hxg6 8. Bd3
Qc7 9. h3 Nbd7 10. Bd2 Be7 11. Rc1 O-O 12. O-O Rad8 13. Qf3 Qb8 14. Rfd1 a6 15.
Ne2 e5 16. cxd5 cxd5 17. Bc2 e4 18. Qf4 Bd6 19. Qg5 Rfe8 20. f4 exf3 21. gxf3
Nf8 22. Bb3 Be7 23. Qg3 Qxg3+ 24. Nxg3 Ne6 25. Ne2 Rc8 26. Be1 Bd6 27. Rxc8
Rxc8 28. Nc3 Nc7 29. Bh4 Bb4 30. Ne2 Ne6 31. a3 g5 32. Bg3 Ba5 33. Be5 Nf8 34.
Bxf6 gxf6 35. Kf2 Rd8 36. Rc1 Ne6 37. Ng3 Kf8 38. Ba2 Bc7 39. Nf5 Bb6 40. b4
Ng7 41. Nxg7 Kxg7 42. a4 Rd7 43. Bb1 Kf8 44. Bf5 Rc7 45. Rxc7 Bxc7 46. Bc8 b5
47. Bxa6 bxa4 48. Bb7 f5 49. Bxd5 f4 50. exf4 Bxf4 51. Ke2 Ke7 52. Kd3 f6 53.
Kc4 Kd6 54. Be4 a3 55. Bb1 Be3 56. Ba2 Bf2 57. d5 Be3 58. Kb5 Bd2 59. Ka4 Bc1
60. b5 Kc7 61. Ka5 Be3 62. Kb4 Kb6 63. Bc4 Bc5+ 64. Kc3 Bd6 65. Kd4 a2 66. Bxa2
Kxb5 67. Ke4 Kb6 68. Kf5 Be5 69. Ke6 Kc7 70. Ke7 Bd6+ 71. Kxf6 Bf4 72. Ke7 Bd6+
73. Ke6 Bf4 74. Bb1 Bd6 75. Bg6 Bf4 76. Bf7 Bd6 77. Be8 Bf4 78. Ba4 Bd6 79. Bc2
Bf4 80. Bh7 Bd6 81. Bg8 Bf4 82. Bf7 Bd6 83. Kf6 Bf4 84. Kf5 Bd2 85. Ke6 Bf4 86.
Bh5 Bd6 87. Bg4 Bf4 88. Kf5 Bd2 89. h4 gxh4 90. Ke5 Bb4 91. f4 Bd6+ 92. Kf5 Kd8
93. Kg5 Be7+ 94. Kg6 Bd6 95. f5 Ke7 96. f6+ Kf8 97. Kf5 Kf7 98. Bh5+ Kf8 99.
Ke6 Bb4 100. Bg4 Bc5 101. Bh3 Bb4 102. Bf5 Bc5 103. Bg4 Bb4 104. Bh3 Bc5 105.
Bf5 Bb4 106. Bg4 Bc5 107. Ke5 Bb4 108. Be6 Bc3+ 109. Kf5 h3 110. d6 h2 111. Bd5
Ba5 112. Ke5 Bd8 113. Ke6 Bb6 114. d7 Bd8 115. Kf5 Ba5 116. Kg4 Bd8 117. f7
h1=Q 1/2-1/2

[Event "Chicago Open"]
[Site "Wheeling"]
[Date "2013.05.26"]
[Round "6.19"]
[White "Amanov, Mesgen"]
[Black "Liang, Awonder"]
[Result "1-0"]
[WhiteElo "2510"]
[BlackElo "2053"]
[PlyCount "129"]
[EventDate "2013.05.??"]
[EventType "swiss"]
[EventRounds "9"]
[EventCountry "USA"]
[Source "MonRoi"]

1. d4 Nf6 2. Nf3 g6 3. c4 Bg7 4. g3 O-O 5. Bg2 c6 6. Nc3 d5 7. cxd5 cxd5 8. Ne5
e6 9. O-O Nfd7 10. Nf3 Nc6 11. e4 dxe4 12. Nxe4 h6 13. Be3 Nb6 14. Rc1 Nd5 15.
Qd2 Kh7 16. Nc5 Qe7 17. Ne5 Nxe5 18. dxe5 b6 19. Ne4 Ba6 20. Rfd1 Rad8 21. Bd4
Bb7 22. Qe2 Ba8 23. h4 Kg8 24. h5 g5 25. Nd6 Rd7 26. b3 Nc7 27. Bxa8 Rxa8 28.
Bb2 Nd5 29. a3 Rad8 30. Rc6 Rc7 31. Rdc1 Rdd7 32. b4 Qd8 33. b5 Ne7 34. R6c2
Nd5 35. Rc6 Ne7 36. R6c4 Nd5 37. Nb7 Qe7 38. Nd6 Qd8 39. a4 Bf8 40. Ne4 Qc8 41.
Rc6 Qd8 42. Qf3 Bg7 43. Nd6 Qe7 44. Qe4 Qd8 45. Qc4 Qb8 46. Qb3 Qd8 47. Qf3 Qb8
48. Kh2 Qd8 49. Qe4 Qb8 50. Ba3 Qd8 51. Kg1 Qb8 52. Nc4 Qc8 53. Ne3 Ne7 54.
Bxe7 Rxe7 55. Nc4 Qd8 56. Nd6 Red7 57. Qc4 Rxc6 58. bxc6 Rc7 59. Nb5 Bxe5 60.
Nxc7 Qxc7 61. Qd3 Kf8 62. Kh2 Ke7 63. Qh7 Qd8 64. Rc2 Qd4 65. c7 1-0

[Event "Chicago Open"]
[Site "Wheeling"]
[Date "2013.05.26"]
[Round "6.21"]
[White "Neimer, Vitaly"]
[Black "Aaron, Deepak"]
[Result "1/2-1/2"]
[WhiteElo "2420"]
[BlackElo "2257"]
[PlyCount "189"]
[EventDate "2013.05.??"]
[EventType "swiss"]
[EventRounds "9"]
[EventCountry "USA"]
[Source "MonRoi"]

1. e4 e5 2. Nf3 Nc6 3. Nc3 Nf6 4. a3 d6 5. d4 Bg4 6. d5 Nd4 7. Be2 Nxe2 8. Qxe2
Nd7 9. h3 Bxf3 10. Qxf3 Be7 11. Qg4 Bf6 12. h4 a6 13. h5 h6 14. g3 Qe7 15. Nd1
Bg5 16. Ne3 Nf6 17. Qf3 Bxe3 18. Bxe3 Qd7 19. Rh4 O-O-O 20. c4 Qa4 21. Rc1 b6
22. Rc3 Kb7 23. Kf1 Nh7 24. Kg2 Ng5 25. Bxg5 hxg5 26. Rh1 Qd7 27. b4 g4 28. Qe3
c6 29. c5 Rc8 30. Rd1 cxd5 31. Rxd5 Rc6 32. Rcd3 Rh6 33. Rxe5 Qc7 34. Red5 bxc5
35. bxc5 Rxc5 36. Qd4 Rf6 37. Rb3+ Kc8 38. Qa4 Qc6 39. Qd4 Rc2 40. Rd3 Qc4 41.
Qxc4+ Rxc4 42. Rxd6 Rxd6 43. Rxd6 Ra4 44. Rd5 Rxe4 45. Rg5 g6 46. h6 Re8 47.
Rxg4 Rh8 48. Rh4 Kd7 49. Kf3 Ke7 50. Ke4 g5 51. Rh5 Kf6 52. g4 Kg6 53. Kd4 Rd8+
54. Kc5 Kh7 55. Rxg5 Kxh6 56. Rf5 Kg6 57. a4 Rb8 58. f3 f6 59. Kc6 Rb3 60. a5
Rb2 61. Kc7 Rb3 62. Kd6 Rd3+ 63. Kc5 Rb3 64. Kc4 Rb1 65. Rd5 Rf1 66. Rf5 Rb1
67. Kd4 Rd1+ 68. Ke4 Re1+ 69. Kd5 Rd1+ 70. Ke6 Re1+ 71. Kd6 Re3 72. Kc7 Rb3 73.
Kc6 Rb2 74. Rc5 Rb3 75. f4 Rb4 76. Rf5 Rb2 77. Rd5 Rb4 78. g5 Rxf4 79. gxf6
Rxf6+ 80. Kb7 Kf7 81. Re5 Rg6 82. Re4 Rd6 83. Rb4 Ke7 84. Kc7 Rd7+ 85. Kc6 Rd6+
86. Kb7 Kd7 87. Rb6 Rd5 88. Kxa6 Kc7 89. Rh6 Kb8 90. Kb6 Rd8 91. Rg6 Rf8 92. a6
Ka8 93. Rh6 Rg8 94. a7 Rg6+ 95. Rxg6 1/2-1/2

[Event "Chicago Open"]
[Site "Wheeling"]
[Date "2013.05.26"]
[Round "6.22"]
[White "Fernandez, Daniel"]
[Black "Preotu, Razvan"]
[Result "1-0"]
[WhiteElo "2396"]
[BlackElo "2221"]
[PlyCount "75"]
[EventDate "2013.05.??"]
[EventType "swiss"]
[EventRounds "9"]
[EventCountry "USA"]
[Source "MonRoi"]

1. d4 Nf6 2. c4 g6 3. Nc3 Bg7 4. Bg5 O-O 5. Nf3 d6 6. e3 c5 7. Be2 h6 8. Bh4
Nbd7 9. O-O b6 10. d5 g5 11. Bg3 Nh5 12. Qc2 Nxg3 13. hxg3 Nf6 14. Rad1 Ng4 15.
Nh2 f5 16. Nxg4 fxg4 17. Bd3 Bd7 18. Bg6 Qc8 19. Qe2 Be8 20. Bc2 Bd7 21. f4
gxf3 22. Rxf3 Bxc3 23. bxc3 Rxf3 24. gxf3 Qf8 25. g4 Qg7 26. Qd3 Rf8 27. Kg2
Rf6 28. Qe2 Be8 29. Bf5 h5 30. e4 Rh6 31. Qe3 Qf6 32. Rf1 Kh8 33. Be6 hxg4 34.
fxg4 Rh2+ 35. Kxh2 Qxf1 36. Bf5 Ba4 37. Kg3 Qxc4 38. Qd2 1-0

[Event "Chicago Open"]
[Site "Wheeling"]
[Date "2013.05.26"]
[Round "6.25"]
[White "Griggs, Walker"]
[Black "Young, Angelo"]
[Result "1-0"]
[WhiteElo "2202"]
[BlackElo "2330"]
[PlyCount "47"]
[EventDate "2013.05.??"]
[EventType "swiss"]
[EventRounds "9"]
[EventCountry "USA"]
[Source "MonRoi"]

1. e4 d6 2. d4 Nf6 3. Nc3 c6 4. f4 Qa5 5. e5 Ne4 6. Bd3 d5 7. Bxe4 dxe4 8. Nge2
f5 9. exf6 exf6 10. Bd2 Qb6 11. Nxe4 Qxb2 12. N2c3 Be7 13. Rb1 Qa3 14. Qh5+ g6
15. Qh6 Bf8 16. Nxf6+ Kf7 17. Qg5 Be7 18. Nce4 Nd7 19. f5 Rg8 20. Nxd7 Bxg5 21.
Nxg5+ Kg7 22. f6+ Kh6 23. g4 Re8+ 24. Kf2 1-0

[Event "Chicago Open"]
[Site "Wheeling"]
[Date "2013.05.26"]
[Round "6.27"]
[White "Homa, Seth"]
[Black "Bora, Safal"]
[Result "1-0"]
[WhiteElo "2307"]
[BlackElo "2195"]
[PlyCount "273"]
[EventDate "2013.05.??"]
[EventType "swiss"]
[EventRounds "9"]
[EventCountry "USA"]
[Source "MonRoi"]

1. e4 e6 2. d4 d5 3. Nd2 Nf6 4. e5 Nfd7 5. Bd3 c5 6. c3 Nc6 7. Ne2 cxd4 8. cxd4
f6 9. exf6 Nxf6 10. Nf3 Qc7 11. O-O Bd6 12. Bg5 O-O 13. Bh4 Bd7 14. Bg3 Rae8
15. Rc1 Bxg3 16. hxg3 Qd6 17. Bb5 a6 18. Bxc6 Bxc6 19. Nf4 Nd7 20. Re1 e5 21.
dxe5 Nxe5 22. Nd4 Ng6 23. Nfe6 Rf6 24. Nc5 Rxe1+ 25. Qxe1 Ne5 26. Qe2 Nc4 27.
Nd3 Rf8 28. b3 Re8 29. Qg4 Ne5 30. Qf4 Qb8 31. Nc5 Qd6 32. Nd3 Qb8 33. Nb4 a5
34. Nbxc6 Nxc6 35. Qxb8 Rxb8 36. Nxc6 bxc6 37. Rxc6 a4 38. Rc3 axb3 39. axb3
Kf7 40. Kf1 d4 41. Rf3+ Ke6 42. Ke2 Rb7 43. g4 Ke5 44. g3 g6 45. g5 Ke4 46.
Rf4+ Ke5 47. Rh4 Rxb3 48. Rxh7 Kf5 49. Rd7 Rb2+ 50. Ke1 Ke4 51. Rd6 Kf5 52.
Rxd4 Kxg5 53. Kf1 Kf5 54. Kg2 Rb6 55. Rc4 Ra6 56. Rc5+ Kf6 57. Kf3 Rb6 58. Kg4
Ra6 59. Rb5 Rc6 60. Ra5 Rb6 61. f3 Rc6 62. Rb5 Ra6 63. Rc5 Rb6 64. Rd5 Ra6 65.
f4 Rb6 66. Rc5 Ra6 67. Rb5 Rc6 68. Rb8 Ra6 69. Rf8+ Kg7 70. Re8 Kf7 71. Re5 Kf6
72. Kf3 Ra3+ 73. Re3 Ra6 74. Kg4 Rb6 75. Re5 Ra6 76. Kh4 Ra4 77. Rb5 Rc4 78.
Rb6+ Kg7 79. Ra6 Rb4 80. Rc6 Ra4 81. Rd6 Rb4 82. Kg4 Rb5 83. Ra6 Rc5 84. Re6
Ra5 85. Re5 Ra3 86. Kh4 Rf3 87. Re6 Kf7 88. Ra6 Kg7 89. Ra4 Kf6 90. Rb4 Ra3 91.
Kg4 Ra6 92. Re4 Rb6 93. Kh4 Rb3 94. Re1 Rf3 95. Re2 Ra3 96. Rf2 Rb3 97. Rc2 Rf3
98. Kh3 Ra3 99. Kg2 Ra4 100. Rb2 Rc4 101. Rb6+ Kg7 102. Re6 Kf7 103. Re5 Kf6
104. Kf3 Rc3+ 105. Re3 Rc4 106. Rb3 Rc6 107. g4 g5 108. f5 Ra6 109. Rb4 Rc6
110. Ke4 Ra6 111. Rc4 Rb6 112. Kd5 Rb5+ 113. Kc6 Ra5 114. Re4 Ra6+ 115. Kb7 Rd6
116. Kc7 Ra6 117. Rc4 Ke5 118. Kd7 Ra7+ 119. Ke8 Ra6 120. Kf7 Kd5 121. Rb4 Kc5
122. Rb1 Kd5 123. Kg7 Ra4 124. Rg1 Ra7+ 125. Kg6 Ke5 126. Kxg5 Rg7+ 127. Kh6
Rg8 128. g5 Kxf5 129. Rf1+ Ke6 130. g6 Rh8+ 131. Kg7 Rh2 132. Kg8 Rg2 133. g7
Ke7 134. Re1+ Kd7 135. Re4 Rf2 136. Kh7 Rh2+ 137. Kg6 1-0

[Event "Chicago Open"]
[Site "Wheeling"]
[Date "2013.05.26"]
[Round "6.28"]
[White "Cao, Kevin"]
[Black "Santarius, Erik"]
[Result "1/2-1/2"]
[WhiteElo "2201"]
[BlackElo "2292"]
[PlyCount "124"]
[EventDate "2013.05.??"]
[EventType "swiss"]
[EventRounds "9"]
[EventCountry "USA"]
[Source "MonRoi"]

1. e4 c6 2. d4 d5 3. Nd2 dxe4 4. Nxe4 Nd7 5. Nf3 Ngf6 6. Bd3 Nxe4 7. Bxe4 Nf6
8. Bd3 Bg4 9. c3 e6 10. h3 Bh5 11. Be3 Bd6 12. g4 Bg6 13. Qc2 Nd5 14. O-O-O Qf6
15. Nd2 Bf4 16. Rde1 O-O-O 17. Bxg6 hxg6 18. Ne4 Qe7 19. Bxf4 Nxf4 20. Qd2 Qc7
21. Re3 Kb8 22. Nc5 Qa5 23. Re5 Nd5 24. Kb1 Qc7 25. f4 Ka8 26. Qf2 Rh7 27. f5
exf5 28. gxf5 gxf5 29. Qxf5 g6 30. Qf3 a6 31. Rhe1 f6 32. R5e2 Rdh8 33. c4 Rxh3
34. Qg4 Rg3 35. Qe6 Nb6 36. Qxf6 Rh7 37. Ne4 Rg4 38. Nd6 Rd7 39. c5 Ka7 40. Re8
Rxd6 41. cxd6 Qd7 42. R8e7 Qf5+ 43. Qxf5 gxf5 44. Rf7 Rxd4 45. Ree7 a5 46.
Rxb7+ Ka6 47. Ra7+ Kb5 48. Rxf5+ c5 49. Rc7 Nd5 50. Rf1 Nb6 51. Rf3 a4 52. Rc3
c4 53. Rh7 Rxd6 54. Rh5+ Kc6 55. b3 axb3 56. axb3 Rd4 57. Kb2 Kb7 58. Rh6 Ka7
59. Ka3 cxb3 60. Rc7+ Kb8 61. Rg7 Nd7 62. Kxb3 Kc7 1/2-1/2

[Event "Chicago Open"]
[Site "Wheeling"]
[Date "2013.05.26"]
[Round "6.30"]
[White "Balasubramanian, Adithya"]
[Black "Markzon, Gregory"]
[Result "0-1"]
[WhiteElo "2295"]
[BlackElo "2191"]
[PlyCount "96"]
[EventDate "2013.05.??"]
[EventType "swiss"]
[EventRounds "9"]
[EventCountry "USA"]
[Source "MonRoi"]

1. Nf3 Nf6 2. g3 g6 3. Bg2 Bg7 4. O-O O-O 5. c4 c6 6. d4 d5 7. Nbd2 Ne4 8. Qb3
Qb6 9. Qxb6 axb6 10. cxd5 Nxd2 11. Nxd2 Bxd4 12. e4 e6 13. Nf3 Bc5 14. Bh6 Re8
15. Rfe1 e5 16. a3 Bg4 17. b4 Bxf3 18. bxc5 Bxg2 19. Kxg2 bxc5 20. Reb1 cxd5
21. exd5 Ra7 22. Rb5 Nd7 23. Rab1 b6 24. R1b3 Rea8 25. Bc1 Ra4 26. Bb2 Kf8 27.
Re3 f6 28. Rbb3 g5 29. Kf3 Ke7 30. Re1 Kd6 31. Rd1 R8a5 32. Ke2 c4 33. Rb4 Rxb4
34. axb4 Ra2 35. Rd2 c3 36. Bxc3 Rxd2+ 37. Bxd2 Kxd5 38. Kf3 h5 39. g4 e4+ 40.
Kg3 h4+ 41. Kg2 Ne5 42. h3 Kc4 43. Kf1 b5 44. Ke2 Nf3 45. Bc1 Ng1+ 46. Kf1 Nxh3
47. Bb2 Kxb4 48. Bxf6 Kc4 0-1

[Event "Chicago Open"]
[Site "Wheeling"]
[Date "2013.05.26"]
[Round "7.1"]
[White "Robson, Ray"]
[Black "Lenderman, Alex"]
[Result "1/2-1/2"]
[WhiteElo "2620"]
[BlackElo "2585"]
[PlyCount "115"]
[EventDate "2013.05.??"]
[EventType "swiss"]
[EventRounds "9"]
[EventCountry "USA"]
[Source "MonRoi"]

1. e4 c6 2. d4 d5 3. Nc3 dxe4 4. Nxe4 Bf5 5. Ng3 Bg6 6. Nh3 Nf6 7. Bc4 e6 8.
O-O Bd6 9. f4 Qc7 10. Kh1 O-O 11. f5 exf5 12. Nxf5 Nbd7 13. Nxd6 Qxd6 14. Bf4
Qb4 15. Bb3 a5 16. a4 Rfe8 17. Ng5 Nd5 18. c3 Qb6 19. Bd2 N7f6 20. Ra3 Qc7 21.
Kg1 c5 22. Bxd5 Nxd5 23. c4 Nb6 24. Bf4 Qd7 25. dxc5 Qxd1 26. Rxd1 Nxc4 27. Ra2
Re2 28. Rd7 h6 29. Nf3 Bb1 30. Ra1 Rxb2 31. Rd4 Rb4 32. Bg3 Bf5 33. Be1 Be6 34.
Bxb4 axb4 35. Rc1 Nb2 36. Rc2 Nxa4 37. Rxb4 Ra5 38. c6 bxc6 39. Rxc6 Nc5 40. h3
Bd5 41. Rc8+ Kh7 42. Nd4 Nd3 43. Rb5 Ra1+ 44. Kh2 Nf4 45. Rb2 Rd1 46. Ne2 Nxe2
47. Rxe2 Be6 48. Rc7 Rd3 49. Ra7 Rc3 50. Rd2 Rb3 51. Ra5 Rb4 52. g4 Rb3 53. Re5
g5 54. Rde2 Kg6 55. Ra5 Rc3 56. Rae5 Rb3 57. Ra5 Rc3 58. Rae5 1/2-1/2

[Event "Chicago Open"]
[Site "Wheeling"]
[Date "2013.05.26"]
[Round "7.2"]
[White "Mikhalevski, Victor"]
[Black "Friedel, Joshua"]
[Result "0-1"]
[WhiteElo "2551"]
[BlackElo "2485"]
[PlyCount "96"]
[EventDate "2013.05.??"]
[EventType "swiss"]
[EventRounds "9"]
[EventCountry "USA"]
[Source "MonRoi"]

1. Nf3 c5 2. g3 Nc6 3. Bg2 e5 4. c4 g6 5. Nc3 Bg7 6. O-O Nge7 7. Ne1 O-O 8. Nc2
d6 9. Ne3 Rb8 10. a3 a6 11. Rb1 b5 12. cxb5 axb5 13. b4 cxb4 14. axb4 Be6 15.
Ned5 Nxd5 16. Nxd5 Ne7 17. Qb3 Qd7 18. e4 Rfc8 19. Bb2 Nxd5 20. exd5 Bh3 21.
Bxh3 Qxh3 22. Rfc1 Qf5 23. d3 Qf3 24. Rxc8+ Rxc8 25. Rc1 Rxc1+ 26. Bxc1 h5 27.
h4 Kh7 28. Bg5 Bh6 29. Qc2 Bxg5 30. hxg5 Qxd5 31. Qc7 Kg7 32. Qe7 Qxd3 33. Qf6+
Kg8 34. Qd8+ Kh7 35. Qe7 Qd5 36. Kf1 Qe6 37. Qf8 e4 38. Kg2 Qd7 39. Kf1 d5 40.
Qc5 d4 41. Ke1 d3 42. Kd2 Qe6 43. Qa7 Qd5 44. Ke1 Qb3 45. Kd2 Qc2+ 46. Ke3 Qe2+
47. Kf4 Qf3+ 48. Ke5 d2 0-1

[Event "Chicago Open"]
[Site "Wheeling"]
[Date "2013.05.26"]
[Round "7.3"]
[White "Holt, Conrad"]
[Black "Mitkov, Nikola"]
[Result "1/2-1/2"]
[WhiteElo "2513"]
[BlackElo "2484"]
[PlyCount "161"]
[EventDate "2013.05.??"]
[EventType "swiss"]
[EventRounds "9"]
[EventCountry "USA"]
[Source "MonRoi"]

1. d4 d5 2. c4 e6 3. Nc3 Bb4 4. a3 Bxc3+ 5. bxc3 c5 6. e3 Ne7 7. Bd3 Qc7 8.
cxd5 exd5 9. Ne2 Bf5 10. O-O O-O 11. Bxf5 Nxf5 12. f3 Nd7 13. e4 Ne7 14. Bg5 f6
15. Be3 c4 16. Qc2 Rfe8 17. g4 Qc6 18. Ng3 b5 19. g5 Rf8 20. gxf6 Qxf6 21. a4
a6 22. Qb2 Qc6 23. Qb4 Ng6 24. axb5 axb5 25. Rxa8 Rxa8 26. Nf5 Rf8 27. Qd6 Qxd6
28. Nxd6 Nh4 29. e5 Nf5 30. Nxf5 Rxf5 31. Kf2 Rf8 32. Ra1 Rb8 33. Ra7 Nb6 34.
Ke2 Ra8 35. Rb7 Ra2+ 36. Ke1 Ra6 37. e6 Kf8 38. Kf2 Nc8 39. Rb8 Rc6 40. Rxb5
Nb6 41. Bg5 Ke8 42. e7 h6 43. Bf4 Kxe7 44. Ra5 g5 45. Be5 Ke6 46. Ra6 Kf5 47.
Kg3 Re6 48. Ra5 Rc6 49. h4 gxh4+ 50. Kxh4 Rc8 51. Ra6 Nd7 52. Bg3 Re8 53. Rd6
Nf6 54. Be5 Re6 55. Rd8 Ra6 56. Kh3 Kg6 57. Kg3 Nh5+ 58. Kg4 Nf6+ 59. Kf4 Nh5+
60. Kg4 Nf6+ 61. Bxf6 Kxf6 62. Rxd5 Ra3 63. Kf4 Rxc3 64. Rd6+ Kg7 65. Ke4 h5
66. Rd7+ Kg6 67. f4 h4 68. f5+ Kf6 69. Rd6+ Kg7 70. Rg6+ Kf7 71. Rh6 h3 72. Kd5
Rf3 73. Kxc4 Rxf5 74. d5 Rf6 75. Rh7+ Ke8 76. Kc5 Kd8 77. Rxh3 Rg6 78. Ra3 Rh6
79. Ra8+ Kd7 80. Rg8 Kc7 81. Rg7+ 1/2-1/2

[Event "Chicago Open"]
[Site "Wheeling"]
[Date "2013.05.26"]
[Round "7.6"]
[White "Gerzhoy, Leonid"]
[Black "Corrales Jimenez, Fidel"]
[Result "1/2-1/2"]
[WhiteElo "2469"]
[BlackElo "2604"]
[PlyCount "93"]
[EventDate "2013.05.??"]
[EventType "swiss"]
[EventRounds "9"]
[EventCountry "USA"]
[Source "MonRoi"]

1. e4 c5 2. c3 Nf6 3. e5 Nd5 4. d4 cxd4 5. Nf3 Nc6 6. Bc4 Nb6 7. Bb3 d5 8. exd6
Qxd6 9. O-O g6 10. Ng5 Nd8 11. Qf3 Qf6 12. Qxf6 exf6 13. Ne4 Be7 14. Re1 Be6
15. cxd4 f5 16. Nc5 Bxc5 17. dxc5 Nd7 18. Bh6 Nxc5 19. Nc3 Nxb3 20. axb3 f6 21.
Bg7 Rg8 22. Bxf6 Kf7 23. Bg5 h6 24. Bxh6 Nc6 25. Nb5 Rad8 26. Bg5 Rd3 27. Rad1
Rxd1 28. Rxd1 Rb8 29. h4 a6 30. Nd6+ Kg7 31. b4 Kh7 32. b5 axb5 33. Nxb5 Rg8
34. Nd6 Rg7 35. Ne8 Rf7 36. Rd6 Ba2 37. h5 gxh5 38. Rh6+ Kg8 39. Nf6+ Kf8 40.
Rh8+ Ke7 41. Ra8 Bc4 42. b3 Ba6 43. Nxh5+ Kd6 44. Be3 Na5 45. b4 Nc6 46. Bc5+
Kd5 47. Rf8 1/2-1/2

[Event "Chicago Open"]
[Site "Wheeling"]
[Date "2013.05.26"]
[Round "7.8"]
[White "Shmelov, Denys"]
[Black "Fishbein, Alexander"]
[Result "0-1"]
[WhiteElo "2431"]
[BlackElo "2506"]
[PlyCount "65"]
[EventDate "2013.05.??"]
[EventType "swiss"]
[EventRounds "9"]
[EventCountry "USA"]
[Source "MonRoi"]

1. d4 Nf6 2. c4 g6 3. Nc3 Bg7 4. e4 d6 5. Be2 O-O 6. Nf3 e5 7. O-O exd4 8. Nxd4
c6 9. f3 Nbd7 10. Be3 d5 11. exd5 cxd5 12. Ndb5 a6 13. Nd6 Qe7 14. Bf4 Nb6 15.
c5 Nh5 16. Bc1 Be6 17. f4 d4 18. Nce4 f5 19. Ng5 Bd5 20. Bf3 Nf6 21. Re1 Qd7
22. Bxd5+ Nbxd5 23. Ne6 Rfe8 24. Nxe8 Rxe8 25. Nxg7 Rxe1+ 26. Qxe1 Kxg7 27. Qe5
Nb4 28. Bd2 Nc6 29. Qd6 Qf7 30. Re1 Ne4 31. Rxe4 fxe4 32. b3 e3 33. Bc1 0-1